Zahrajme sa spolu hry a piesne pre deti predškolského veku na každý zimný deň Zima

Bibliographic Details
Main Author: Kluska, Dorota (Author)
Other Authors: Luczaková, Katarína (Translator)
Format: Book
Language:Slovak
Polish
PhysicalDescription:67 strán 21 cm 1 CD
Published: Ružomberok Katarína Luczaková 2025
ISBN:9788097463441
Edition:Vydanie prvé
Subjects:

MARC

LEADER 00000cam a2200000 4500
001 vtls012276163
003 SK-MaSNL
005 20260302063305.0
008 250512s2025 xo arf 000 1 slo
015 |a SNBA2025 
020 |a 9788097463441  |q (brožované) 
040 |a SNK  |b slo  |c SNK  |e rda 
041 1 |a slo  |h pol 
044 |a xo  |c SK 
072 7 |a 796  |x Šport. Hry. Telesné cvičenia  |2 konspekt 
072 7 |a 821-93  |x Literatúra pre deti a mládež (beletria)  |2 konspekt 
080 |a 796.11  |2 2011 
080 |a 159.938.363.1  |2 2011 
080 |a 82-93-053.2  |2 2011 
080 |a (0.062)  |2 2011 
100 1 |a Kluska, Dorota  |4 aut  |9 255937 
240 |a Sposoby na nude. Zima  |l Slovensky 
245 1 0 |a Zahrajme sa spolu  |b hry a piesne pre deti predškolského veku na každý zimný deň  |p Zima  |c Dorota Kluska ; preklad do slovenského jazyka : Katarína Luczaková 
246 3 0 |a Zima 
250 |a Vydanie prvé 
264 1 |a Ružomberok  |b Katarína Luczaková  |c 2025 
300 |a 67 strán  |c 21 cm  |e 1 CD 
336 |a text  |b txt  |2 rdacontent 
336 |a hraná hudba  |b prm  |2 rdacontent 
337 |a bez média  |b n  |2 rdamedia 
337 |a audio  |b s  |2 rdamedia 
338 |a zväzok  |b nc  |2 rdacarrier 
338 |a audiodisk  |b sd  |2 rdacarrier 
500 |a Preložené z polštiny 
500 |a Publikáciu tvorí: kniha, ktorá obsahuje 100 hier a hrových činností rôzneho druhu a CD s 12 piesňami (resp. hudobno-pohybovými hrami) a hudobnými podkladmi so zimnou tematikou 
650 0 7 |a detské hry  |2 SNKPH  |9 3287 
650 0 7 |a Children's games  |2 SNKPHeng  |9 302604 
650 0 7 |a Children's songs  |2 SNKPHeng  |9 125776 
650 0 7 |a detské piesne  |2 SNKPH  |9 3415 
650 0 7 |a predškolská výchova  |2 SNKPH  |9 3959 
650 0 7 |a Preschool age  |2 SNKPHeng  |9 331151 
655 7 |a publikácie pre deti  |2 SNKPH  |9 70148 
655 7 |a populárno-náučné publikácie  |2 SNKPH  |9 70460 
655 7 |a Publications for children  |2 SNKPHeng  |9 276792 
655 7 |a Popular works  |2 SNKPHeng  |9 90287 
700 1 |a Luczaková, Katarína  |4 trl  |9 244847 
852 |a Slovenská národná knižnica 
919 |a 978-80-974634-4-1 
954 |a iná literatúra (príručky, kuchárske knihy, hobby literatúra, sprievodcovia) cudzojazyčná (svetová)  |2 lita 
958 |a DB 
958 |a UP 
968 |b POL 
999 |c 1132142  |d 1134072 
952 |a SNK  |b SNK  |c SNK_KF  |y PREZ  |7 6  |p 17A1573755  |o snkSC 210282  |i snk2025/7471  |8 0  |3 + príloha 1 CD  |z + príloha 1 CD  |0 0  |1 0  |4 0  |d 2025-05-12  |l 0  |r 2025-11-03 00:00:00  |w 2026-02-24 
952 |a SNK  |b SNK  |c SNK_KF  |y PREZ  |7 6  |p 17A1573756  |o snkSC 210282/príl.  |i snk2025/7471  |8 0  |z 1 CD  |0 0  |1 0  |4 0  |d 2025-05-12  |l 0  |r 2025-11-03 00:00:00  |w 2026-02-24